Discurso del dr. Fernando Sánchez Martínez, rector de la Universidad Autónoma de Santo Domingo en la primera investidura ordinaria del Centro Regional Universitario del Noroeste-CURNO -celebrada el 8 de abril de 1984. (Record no. 30408)
[ view plain ]
| 000 -CABECERA | |
|---|---|
| campo de control de longitud fija | 00840nam a2200217 a 4500 |
| 001 - NÚMERO DE CONTROL | |
| campo de control | 000030916 |
| 003 - IDENTIFICADOR DEL NÚMERO DE CONTROL | |
| campo de control | DO-SdBNP |
| 005 - FECHA Y HORA DE LA ÚLTIMA TRANSACCIÓN | |
| campo de control | 20250923111605.0 |
| 007 - CAMPO FIJO DE DESCRIPCIÓN FÍSICA--INFORMACIÓN GENERAL | |
| campo de control de longitud fija | ta |
| 008 - DATOS DE LONGITUD FIJA--INFORMACIÓN GENERAL | |
| campo de control de longitud fija | 110606s1984 dr 000 0 spa d |
| 040 ## - FUENTE DE LA CATALOGACIÓN | |
| Centro catalogador/agencia de origen | DO-SdBNP |
| Lengua de catalogación | spa |
| Centro/agencia transcriptor | BNPHU |
| 049 ## - FONDOS LOCALES (OCLC) | |
| Fondos de biblioteca | BNPD |
| 082 #4 - NÚMERO DE LA CLASIFICACIÓN DECIMAL DEWEY | |
| Número de edición | 22 |
| 245 00 - MENCIÓN DE TÍTULO | |
| Título | Discurso del dr. Fernando Sánchez Martínez, rector de la Universidad Autónoma de Santo Domingo en la primera investidura ordinaria del Centro Regional Universitario del Noroeste-CURNO -celebrada el 8 de abril de 1984. |
| 260 ## - PUBLICACIÓN, DISTRIBUCIÓN, ETC. | |
| Lugar de publicación, distribución, etc. | Santo Domingo : |
| Nombre del editor, distribuidor, etc. | Universidad Autónoma de Santo, |
| Fecha de publicación, distribución, etc. | 1984. |
| 300 ## - DESCRIPCIÓN FÍSICA | |
| Extensión | 18 p. ; |
| Dimensiones | 22 cm. |
| 490 1# - MENCIÓN DE SERIE | |
| Mención de serie | Pubicaciones de la Universidad Autónoma de Santo |
| Designación de volumen o secuencia | 338 |
| 490 1# - MENCIÓN DE SERIE | |
| Mención de serie | Discursos |
| Designación de volumen o secuencia | 2 |
| 830 0# - PUNTO DE ACCESO ADICIONAL DE SERIE-TÍTULO UNIFORME | |
| Título uniforme | Publicaciones de la Universidad Autónoma de Santo Domingo |
| Designación de volumen o secuencia | 338 |
| Nombre de parte o sección de la obra | Discursos |
| Número de parte o sección de la obra | 2 |
| 9 (RLIN) | 38357 |
| 942 ## - ELEMENTOS DE PUNTO DE ACCESO ADICIONAL (KOHA) | |
| Fuente del sistema de clasificación o colocación | Dewey Decimal Classification |
| Tipo de ítem Koha | Libro |
| Estado de retiro | Estado de pérdida | No para préstamo | Código de colección | Localización permanente | Ubicación/localización actual | Ubicación en estantería | Fecha de adquisición | Número de inventario | Total de préstamos | Signatura topográfica completa | Código de barras | Fecha visto por última vez | Precio válido a partir de | Tipo de ítem Koha | Número de copia |
|---|---|---|---|---|---|---|---|---|---|---|---|---|---|---|---|
| Excluido de préstamo | Patrimonio Dominicano | Patrimonio Dominicano | Patrimonio Dominicano | Depósito | 06.06.2011 | LF1 | 30916-10 | 25.06.2020 | 25.06.2020 | Libro y Folleto Colección Patrimonio Dominicano | |||||
| Excluido de préstamo | Patrimonio Dominicano | Patrimonio Dominicano | Patrimonio Dominicano | Depósito | 06.06.2011 | LF1 | 30916-20 | 25.06.2020 | 25.06.2020 | Libro y Folleto Colección Patrimonio Dominicano | e. 2 |
